000 00638nam a22002177a 4500
003 UA-OsUOA
001 69452
007 ta
008 20100623b un ||||| |||| 00| 0 ukr d
100 _aСюндюков І.
090 _a94(477)
_bС98
942 _cSA
040 _aUA-OsUOA
_bukr
_cUA-OsUOA
_dUA-OsUOA
245 _aУ зашморгу. Олександр Довженко та Микита Хрущов: ілюзії та драма нерозуміння
300 _aС.11
955 _a0
041 _aukr
080 _a94(477)
773 0 _w69450
650 7 _a9 Географія. Біографії. Історія
_2UDC
999 _c355704
_d355704